| 000 | 00522pam a2200181 a 4500 | ||
|---|---|---|---|
| 020 | _a0943563046 : | ||
| 040 | _cDLC | ||
| 082 | 0 | 0 | _a635 SHI 1989 A041 Or. |
| 100 | 1 | _aShigo, Alex L., | |
| 245 | 1 | 2 |
_aA new tree biology : _bfacts, photos, and philosophies on trees and their problems and proper care / |
| 250 | _a2nd ed. | ||
| 260 |
_aDurham, N.H. : _bShigo and Trees, _c1989. |
||
| 300 |
_axiv, 618 p. : _bill. ; _c24 cm. |
||
| 500 | _aIncludes index. | ||
| 650 | 0 | _aTrees. | |
| 650 | 0 | _aTrees, Care of. | |
| 942 | _cEK | ||
| 999 |
_c12259 _d12259 |
||